书目信息 |
| 题名: |
工程制图习题集
|
|
| 作者: | 欧阳立新 , 徐绍军 主编 ;中南大学 编 | |
| 分册: | ||
| 出版信息: | 北京 高等教育出版社 2012 |
|
| 页数: | 155页 | |
| 开本: | 19×26cm | |
| 丛书名: | ||
| 单 册: | ||
| 中图分类: | TB23-44 | |
| 科图分类: | ||
| 主题词: | 工程制图--高等学校--习题集 | |
| 电子资源: | ||
| ISBN: | 978-7-04-034798-2 | |
| 000 | 01022nam0 2200265 450 | |
| 001 | 0102416140 | |
| 005 | 20121012093605.0 | |
| 010 | @a978-7-04-034798-2@dCNY16.00 | |
| 100 | @a20120727d2012 em y0chiy0120 ea | |
| 101 | 0 | @achi |
| 102 | @aCN@b110000 | |
| 105 | @aa q 000yy | |
| 106 | @ar | |
| 200 | 1 | @a工程制图习题集@9Gong Cheng Zhi Tu Xi Ti Ji @f欧阳立新,徐绍军主编@g中南大学工程图学教研室编@b专著 |
| 210 | @a北京@c高等教育出版社@d2012 | |
| 215 | @a155页@d19×26cm | |
| 300 | @a高等学校教材 | |
| 330 | @a本习题集主要内容包括制图基本知识和技能,点、直线、平面的投影,立体及其表面交线的投影,组合体,机件的表达方法,标准件与常用件,零件图,装配图,其他图样简介,计算机二维绘图和计算机三维实体造型。 | |
| 606 | 0 | @a工程制图@x高等学校@j习题集 |
| 690 | @aTB23-44@v5 | |
| 701 | 0 | @a欧阳立新@f(1962~)@4主编@9ou yang li xin |
| 701 | 0 | @a徐绍军@c(女,@f1965~)@4主编@9xu shao jun |
| 712 | 02 | @a中南大学@b工程图学教研室@4编@9zhong nan da xue |
| 801 | 0 | @aCN@bAZmarc@c20230903 |
| 905 | @aBZT@dTB23@e25@f1@sTB23/25 | |
| 工程制图习题集/欧阳立新,徐绍军主编/中南大学工程图学教研室编.-北京:高等教育出版社,2012 |
| 155页;19×26cm |
| 高等学校教材 |
| ISBN 978-7-04-034798-2:CNY16.00 |
| 本习题集主要内容包括制图基本知识和技能,点、直线、平面的投影,立体及其表面交线的投影,组合体,机件的表达方法,标准件与常用件,零件图,装配图,其他图样简介,计算机二维绘图和计算机三维实体造型。 |
| ● |
| 相关链接 |
|
|
|
正题名:工程制图习题集
索取号:TB23/25
 
预约/预借
| 序号 | 登录号 | 条形码 | 馆藏地/架位号 | 状态 | 备注 |
| 1 | 2000004194 | 2000004194 | 旧书回溯/ [索取号:TB23/25] | 在馆 |